The Foreign Sovereign Immunities Act Deskbook

Detalles Bibliográficos
Autor principal: Sanchez, Ernesto
Formato: eBook
Lenguaje:inglés
Publicado: Chicago: American Bar Association, 2013
Materias:
Acceso en línea:Acceso restringido

MARC

LEADER 00000nam a22000007a 4500
005 20210226220639.0
007 cr|||| ||||
008 210226s2013 us |||||s|||| 00||0 eng d
020 |a 978-1-62722-040-8 
035 |a 32422 
040 |a vLex 
090 |c 11303  |d 11303 
100 1 |a Sanchez, Ernesto 
245 1 3 |a The Foreign Sovereign Immunities Act Deskbook  |h [Recurso electrn̤ico] /  |c Ernesto Sanchez 
256 |a Servicio en ln̕ea 
260 |a Chicago:  |b American Bar Association,  |c 2013 
300 |a 1 recurso electrn̤ico 
506 1 |a Disponible solo en los productos indicados  |d vLex Global  |d vLex Global (Academic Edition, excluding Law Schools)  |d vLex Global (Academic Edition, Law Schools) 
650 0 4 |a Derecho Internacional  |z Estados Unidos 
740 0 |a vLex Libros (Servicio en ln̕ea) 
856 4 0 |u http://vlex.com/source/foreign-sovereign-immunities-act-deskbook-32422  |z Acceso restringido 
942 |c BOOK 
999 0 |a International right